000 01466nam0a2200301 4500
001 RU\NLR\bibl\1830273
005 20260408204800.0
021 _aRU
_b2011-80221
_95715
035 _a(NLR Aleph) 001820780
090 _a2002557
_c2002557
100 _a20111108d2011 u y0rusy50 ca
101 0 _arus
102 _aRU
105 _aa |||||||||
200 1 _aСовременные технологии ЛФК в оздоровительно-коррекционной деятельности
_eучебно-методичическое пособие
_fС.А. Королев
_gМ-во образования и науки Рос. Федерации, Гос. образоват. учреждение высш. проф. образования "Тамб. гос. ун-т им. Г.Р. Державина"
210 _aТамбов
_cИзд-во ТГУ
_d2011
215 _a71 с.
_cил.
_d21
320 _aБиблиогр.: с. 71 (11 назв.)
606 _aРеабилитация (мед.)
_xМетодика и техника
_jУчебно-методические пособия
_3RU\NLR\auth\661583038
_92118340
686 _aР35я7
700 1 _4070
_8rus
_7ca
_aКоролев
_bС. А.
_cканд. пед. наук, спорт
_gСергей Анатольевич
_3RU\NLR\auth\77111017
_993942
801 0 _aRU
_bNLR
_c20111108
_gRCR
801 1 _aRU
_bNLR
_c20111108
830 _aпо кн
942 _cBOOK
980 _aNB
980 _aNBR